000 00315nam a2200145Ia 4500
100 _aMotorola/Inc
942 _cBK
654 _aElectronics
245 _aLCX Data Low-Village CMOS Logic
260 _bnone
_aTokyo/Japan
_c1995
082 _a621.395
_bMOT
300 _a207
546 _aENGLISH
999 _c20559
_d20559